Spain WC 2022 Squad - Statistics

General Stats
  • This quiz has been taken 70 times
  • The average score is 17 of 26
Answer Stats
Hint # Answer % Correct
Barcelona 9 Gavi
92%
Barcelona 26 Pedri
92%
Man City 16 Rodri
82%
Barcelona 5 Sergio Busquets
80%
Chelsea 2 Cesar Azpilicueta
79%
Barcelona 11 Ferran Torres
79%
Atletico 8 Koke
77%
Villarreal 4 Pau Torres
77%
Bilbao 23 Unai Simon
77%
Barcelona 18 Jordi Alba
75%
Leipzig 21 Dani Olmo
72%
Real Madrid 10 Marco Asensio
70%
Atletico 7 Alvaro Morata
67%
Brighton 1 Robert Sanchez
67%
Real Madrid 20 Dani Carvajal
66%
Bilbao 12 Nico Williams
59%
Barcelona 25 Ansu Fati
57%
Barcelona 3 Eric Garcia
57%
Barcelona 14 Alejandro Balde
56%
Man City 24 Aymeric Laporte
52%
Atletico 6 Marcos Llorente
52%
Brentford 13 David Raya
49%
PSG 19 Carlos Soler
46%
PSG 22 Pablo Sarabia
46%
Villarreal 17 Yeremy Pino
21%
Valencia 15 Hugo Guillamon
15%
No matching quizzes found
Score Distribution
Percent of People with Each Score
Percentile by Number Answered
Your Score History
You have not taken this quiz